[Event "RUS-Cup07"]
[Site "Tomsk"]
[Date "1998.??.??"]
[Round "5"]
[White "Karpatchev, Aleksandr"]
[Black "Lopushnoy, Denis"]
[Result "1/2-1/2"]
[WhiteElo "2515"]
[BlackElo "2415"]

1.e4 c5 2.c3 Nf6 3.e5 Nd5 4.Nf3 Nc6 5.d4 cxd4 6.Bc4 Nb6 7.Bb3 d5 8.exd6 Qxd6
9.O-O Be6 10.Na3 Bxb3 11.Qxb3 e6 12.Rd1 Be7 13.Nxd4 Nxd4 14.Rxd4 Qc6 15.Nc4 O-O
16.Nxb6 axb6 17.Be3 b5 18.c4 b4 19.c5 Bxc5 20.Rc4 b6 21.Qxb4 Qd5 22.Bxc5 Rxa2
23.Rac1 bxc5 24.Rxc5 Qa8 25.Qc3 h6 26.b4 Rd8 27.b5 Rad2 28.h3 Qb8 29.Qf3 R2d3
30.Qxd3 Rxd3 31.Rc8+ Rd8 32.Rxb8 Rxb8 33.Rb1 Kf8 34.f4 Ke7 35.Kf2 Kd6 36.Ke3 Kc5
37.Rc1+ Kd6 38.Rd1+ Kc7 39.Rb1 Kb6 40.Kd4 Rd8+ 41.Kc3 Rd5 42.Ra1 Rxb5 43.Ra8 Rf5
44.Rg8 g6 45.g3 h5 46.h4 Rd5 47.Rf8 Rd7 48.Kc4 Kc6 49.Rc8+ Kb7 50.Rf8 Kb6
51.Rb8+ Kc7 52.Ra8 Kb6 53.Rf8 Kc6 54.Rc8+ Kd6 55.Kd4 Ra7 56.Rc3 Ra4+ 57.Ke3 Ke7
58.Kf3 Kf6 59.Rb3 Kf5 60.Rb5+ Kf6 61.Rb3 Rc4 62.Ra3 Rb4 63.Rc3 Rd4 64.Ke3 Rd5
65.Ke4 Ra5 66.Rb3 Ra1 67.Kf3 Rg1 68.Ra3 Rf1+ 69.Ke4 Rd1 70.Rb3 Ke7 71.Rb7+ Rd7
72.Rb6 Ra7 73.Rb3 Ra4+ 74.Kf3 Rc4 75.Rb7+  1/2-1/2

[Event "BCF-ch"]
[Site "Torquay"]
[Date "1998.??.??"]
[Round "2"]
[White "Lane, Gary W"]
[Black "Sadler, Matthew"]
[Result "0-1"]
[WhiteElo "2400"]
[BlackElo "2650"]

1.e4 c5 2.c3 Nf6 3.e5 Nd5 4.Nf3 d6 5.d4 cxd4 6.cxd4 Nc6 7.exd6 Qxd6 8.Nc3 Bg4
9.Be2 e6 10.h3 Bh5 11.O-O Be7 12.Nb5 Qd8 13.Ne5 Bxe2 14.Qxe2 Qb6 15.Rd1 Nxe5
16.dxe5 O-O 17.Nd4 Rfd8 18.Nf3 h6 19.Nh2 Rac8 20.Qg4 Rc2 21.Bxh6 Qxf2+ 22.Kh1 g6
23.Nf3 Ne3 24.Rxd8+ Bxd8 25.Bxe3 Qxe3 26.b3 Bc7 27.Re1 Qc3 28.Qg5 Rxa2 29.h4 Ra1
30.Rxa1 Qxa1+ 31.Kh2 Qb1 32.Qe7 Qc1 33.Kh3 Qc3 34.h5 gxh5 35.Qg5+ Kf8 36.Qxh5 Qxb3
37.Qh8+ Ke7 38.Qf6+ Ke8 39.Qh8+ Kd7 40.Qf8 Bxe5 41.Qxf7+ Kc6  0-1

[Event "Trinec op9798"]
[Site "Trinec"]
[Date "1998.??.??"]
[Round "?"]
[White "Rogovskoy, Alexander"]
[Black "Henc, Renata"]
[Result "1-0"]
[WhiteElo "2380"]
[BlackElo "2135"]

1.e4 c5 2.c3 Nf6 3.e5 Nd5 4.d4 cxd4 5.Nf3 Nc6 6.Bc4 Qa5 7.b4 Ndxb4 8.cxb4 Qxb4+
9.Nbd2 e6 10.O-O Be7 11.Rb1 Qa5 12.Qe2 f6 13.Nb3 Qc7 14.exf6 Bxf6 15.Bb2 Qf4
16.g3 Qg4 17.Nfxd4 Qxe2 18.Bxe2 O-O 19.Nb5 d5 20.Nd6 b6 21.Bg4 Bxb2 22.Nxc8 Ba3
23.Bxe6+ Kh8 24.Rbd1 Raxc8 25.Bxc8 Rxc8 26.Rxd5 h6 27.Rfd1 Kh7 28.Rd7 a5
29.Kg2 Nb4 30.R1d2 a4 31.Nd4 Bc1 32.Re2 a3 33.Ree7 Rg8 34.Nf5 Bb2 35.Re6 Kh8
36.Rxb6 Nxa2 37.Ra7 Rf8 38.Ne7 Rd8 39.Nc6 Rf8 40.f4 Nc1 41.Ne5 Rc8 42.Rbb7 Rc2+
43.Kf3 a2 44.Ng6+ Kh7 45.f5 Nd3 46.Rxb2 Rxb2 47.Ra8 Rf2+ 48.Kg4 Ne5+ 49.Nxe5  1-0

[Event "Trinec op9798"]
[Site "Trinec"]
[Date "1998.??.??"]
[Round "?"]
[White "Novak, Pavel"]
[Black "Niklasch, Oliver"]
[Result "0-1"]
[WhiteElo "2215"]
[BlackElo "2345"]

1.e4 c5 2.c3 Nf6 3.e5 Nd5 4.d4 cxd4 5.Nf3 Nc6 6.Bc4 Nb6 7.Bb3 d5 8.exd6 Qxd6
9.O-O Be6 10.Na3 Bxb3 11.Qxb3 e6 12.Rd1 Qd5 13.Nb5 Rc8 14.Nbxd4 Qxb3 15.axb3 a6
16.Nxc6 Rxc6 17.Nd4 Rc8 18.Bf4 Be7 19.Rd3 Nd7 20.Re1 Nc5 21.Rd2 O-O 22.b4 Na4
23.b5 Bf6 24.Be5 Bxe5 25.Rxe5 a5 26.Re1 Nb6 27.Ra1 Rc5 28.Nb3 Rxb5 29.Nxa5 Rxa5
30.Rxa5 Nc4 31.Rd7 Nxa5 32.b4 Nc4 33.Rxb7 Rc8 34.Kf1 Kf8 35.Ke2 Nd6 36.Rb6 Ke7
37.Kd3 Kd7 38.Ra6 e5 39.f3 Rc6 40.Ra7+ Ke6 41.Ra5 f5 42.g3 e4+ 43.fxe4 fxe4+
44.Kc2 Nc4 45.Ra7 Rd6 46.Rxg7 Rd2+ 47.Kb3 e3 48.Rg4 Nd6  0-1

[Event "RUS-ch sf"]
[Site "Tula"]
[Date "1998.??.??"]
[Round "3"]
[White "Kolybin, Alexei V"]
[Black "Kozak, Vadim"]
[Result "1/2-1/2"]
[WhiteElo "2360"]
[BlackElo "2320"]

1.e4 c5 2.c3 Nf6 3.e5 Nd5 4.Nf3 Nc6 5.d4 cxd4 6.Bc4 Nb6 7.Bb3 d5 8.exd6 Qxd6
9.O-O Be6 10.Bxe6 Qxe6 11.Nxd4 Nxd4 12.Qxd4 Rd8 13.Qh4 Qe2 14.Be3 Rd1 15.Nd2 Rxd2
16.Bxd2 Qxd2 17.Rfd1 Qxb2 18.Qg3 f6 19.Qb8+ Kf7 20.Qxb7 Qa3 21.c4 g6 22.c5 Qxc5
23.Qxa7 Qc6 24.Rac1 Qe6 25.Re1 Qd6 26.Rcd1 Qc6 27.Rc1 Qd6 28.Qb7 Bh6 29.Rxe7+ Qxe7
30.Rc7 Nc8 31.Qd5+ Kg7 32.Rxe7+ Nxe7 33.Qe6 Re8 34.g3 f5 35.h4 Kf8 36.a4 Bg7
37.Qd6 Bc3 38.a5 Bxa5 39.Qe5 Bd8 40.Qh8+ Ng8 41.Qxh7 Re6 42.h5 gxh5 43.Qxf5+ Rf6
44.Qc5+ Kg7 45.Qg5+  1/2-1/2

[Event "RUS-ch sf"]
[Site "Tula"]
[Date "1998.??.??"]
[Round "8"]
[White "Gavritenkov, Sergei"]
[Black "Kalugin, Sergei"]
[Result "1/2-1/2"]
[WhiteElo "2245"]
[BlackElo "2240"]

1.e4 c5 2.c3 Nf6 3.e5 Nd5 4.d4 cxd4 5.Qxd4 e6 6.Nf3 Nc6 7.Qe4 f5 8.Qe2 Be7
9.g3 O-O 10.Bg2 b6 11.O-O a5 12.c4 Ndb4 13.Nc3 Bb7 14.Rd1 Na6 15.Na4 Nc5
16.Nxc5 bxc5 17.Qd3 Bc8 18.h4 Rb8 19.b3 h6 20.Be3 Qc7 21.Bf4 Nd8 22.h5 Nf7
23.Rd2 Rd8 24.Rad1 a4 25.Qe3 axb3 26.axb3 Bb7 27.Ne1 Bxg2 28.Nxg2 Qc6 29.Rd3 Rb7
30.Kh2 Kf8 31.Rg1 Qe4 32.Qxe4 fxe4 33.Re3 Rdb8 34.Rb1 Rb4 35.Rxe4 Rxb3 36.Rxb3 Rxb3
37.Ne1 Bg5 38.Kg2 Bxf4 39.gxf4 Ke7 40.Nf3 Rb4 41.Nd2 Nd8 42.Re3 Nc6 43.Rg3 Kf8
44.Rc3  1/2-1/2

[Event "RUS-ch sf"]
[Site "Tula"]
[Date "1998.??.??"]
[Round "8"]
[White "Karavaev, Vladimir"]
[Black "Kolybin, Alexei V"]
[Result "0-1"]
[WhiteElo "2380"]
[BlackElo "2360"]

1.e4 c5 2.c3 Nf6 3.e5 Nd5 4.Nf3 b6 5.d4 cxd4 6.Bc4 Bb7 7.Qxd4 e6 8.O-O Qc7
9.Re1 Nc6 10.Qh4 Nde7 11.Nbd2 Ng6 12.Qg3 d6 13.Bb5 dxe5 14.Nxe5 Nxe5 15.Qxe5 Qxe5
16.Rxe5 a6 17.Bxc6+ Bxc6 18.Nb3 Bd5 19.Be3 f6 20.Rxd5 exd5 21.Bxb6 Rb8 22.Re1+ Kf7
23.Be3 a5 24.Re2 a4 25.Nc1 Be7 26.g3 Rhc8 27.a3 Bc5 28.Nd3 Bxa3 29.bxa3 Rxc3
30.Nf4 Rxa3 31.Kg2 Ra1 32.Bc5 Rb7 33.Nxd5 a3 34.Re3 a2 35.Ra3 Rc1 36.Bd4 Rd1
37.Bc3 Rxd5 38.Rxa2 Rd3 39.Be1 Rb1 40.Re2 Rdd1 41.Bc3 Rb3 42.Ba5 Rb5 43.Bc3 Rc1
44.Bd4  0-1

[Event "Vienna op 13th"]
[Site "Vienna"]
[Date "1998.??.??"]
[Round "?"]
[White "Pirrot, Dieter"]
[Black "Pierecker, Markus"]
[Result "1-0"]
[WhiteElo "2390"]
[BlackElo "2290"]

1.e4 c5 2.c3 Nf6 3.e5 Nd5 4.d4 cxd4 5.Nf3 Nc6 6.Bc4 Nb6 7.Bb3 d5 8.exd6 Qxd6
9.Na3 g6 10.Nb5 Qb8 11.Ng5 e6 12.Qf3 Qe5+ 13.Kd1 Qxb5 14.Qxf7+ Kd8 15.Qf6+ Kc7
16.Qxh8 Be7 17.Qxh7 dxc3 18.bxc3 Bd7 19.Nf3 Qd3+ 20.Bd2 Bf6 21.Qh6 Bxc3 22.Rc1 Bb4
23.Qf4+ Bd6 24.Qe3 Qf5 25.Nd4 Qg4+ 26.f3 Qxg2 27.Nb5+ Kd8 28.Rg1 Qxh2 29.Rxg6 Ne7
30.Rh6 Qg3 31.Rh8+ Be8 32.Bxe6 Ng6 33.Bf7  1-0

[Event "Donau op"]
[Site "Vienna"]
[Date "1998.??.??"]
[Round "2"]
[White "Kreindl, Helmut"]
[Black "Bachmayer, Josef"]
[Result "1-0"]
[WhiteElo "2270"]
[BlackElo "2105"]

1.e4 c5 2.c3 Nf6 3.e5 Nd5 4.d4 cxd4 5.Nf3 Nc6 6.Bc4 Nb6 7.Bb3 d5 8.exd6 Qxd6
9.O-O Bf5 10.cxd4 e6 11.Nc3 O-O-O 12.Be3 Bg4 13.Rc1 Kb8 14.Nb5 Qb4 15.Bf4+ e5
16.Nxe5 Qxb5 17.Nxf7+  1-0

[Event "CHI-ch"]
[Site "Vina del Mar"]
[Date "1998.??.??"]
[Round "8"]
[White "Weiss, Fernando"]
[Black "Valenzuela, Luis"]
[Result "0-1"]
[WhiteElo "2155"]
[BlackElo "2345"]

1.e4 c5 2.c3 Nf6 3.e5 Nd5 4.d4 cxd4 5.Nf3 Nc6 6.Bc4 Nb6 7.Bb3 g6 8.cxd4 Bg7
9.d5 Nxe5 10.Nxe5 Bxe5 11.Bh6 Bxb2 12.Nd2 d6 13.Rb1 Bc3 14.O-O Bxd2 15.Qxd2 f6
16.Qf4 Nd7 17.Ba4 Kf7 18.Bxd7 Qxd7 19.Rfe1 Qf5 20.Qxf5 Bxf5 21.Rxb7 g5 22.Rexe7+ Kg6
23.Bg7 Rhe8 24.g4 Rxe7 25.Rxe7 Bxg4 26.Kg2 Rg8 27.Bxf6 Kxf6 28.Rxh7 Rg7 29.Rxg7 Kxg7
30.Kg3 Be2 31.f4 Kg6 32.Kf2 Bc4 33.fxg5 Kxg5 34.a3 Kf4 35.h4 Bxd5 36.h5 Kg5
37.Ke3 Kxh5 38.Kd4 Bc6  0-1

[Event "Atlantic op"]
[Site "Washington"]
[Date "1998.??.??"]
[Round "5"]
[White "Shibut, Macon"]
[Black "Meyer, Eugene B"]
[Result "1-0"]
[WhiteElo "2270"]
[BlackElo "2465"]

1.e4 c5 2.c3 Nf6 3.e5 Nd5 4.d4 cxd4 5.Nf3 d6 6.cxd4 Nc6 7.Bc4 Nb6 8.Bb5 d5
9.O-O Bf5 10.Nc3 e6 11.Bg5 Qd7 12.Rc1 h6 13.Bf4 Rc8 14.a3 a6 15.Be2 Be7 16.b4 O-O
17.Qd2 Na7 18.Qe3 Nb5 19.Nxb5 axb5 20.Nd2 Nc4 21.Nxc4 bxc4 22.Rc3 f6 23.Rd1 Kh7
24.g4 fxe5 25.dxe5 Be4 26.Qxe4+ Kg8 27.Qd4 b5 28.Be3 Bd8 29.f4 Qf7 30.f5  1-0

[Event "GER-ch int Seniors"]
[Site "Weilburg"]
[Date "1998.??.??"]
[Round "7"]
[White "Braun, Gottfried"]
[Black "Klovans, Janis"]
[Result "0-1"]
[WhiteElo "2325"]
[BlackElo "2465"]

1.e4 c5 2.c3 Nf6 3.e5 Nd5 4.d4 cxd4 5.cxd4 Nc6 6.Nf3 d6 7.Bc4 e6 8.O-O Nb6
9.Bb3 Be7 10.Nc3 dxe5 11.dxe5 Qxd1 12.Rxd1 O-O 13.Bf4 Bd7 14.Ne4 Na5 15.Bg5 Nxb3
16.axb3 f6 17.Be3 Bc6 18.Bc5 Bxc5 19.Nxc5 Bxf3 20.gxf3 fxe5 21.Rd3 Nd5 22.Nxe6 Nb4
23.Nxf8 Nxd3 24.Ne6 Kf7 25.Rd1 Nxb2 26.Ng5+ Kg6 27.Rd2 Kxg5 28.Rxb2 Rd8 29.Re2 Kf5
30.Re3 Rd4 31.Kg2 a5 32.Rc3 Rb4 33.Kg3 g5 34.Kg2 h5 35.Kg3 b6 36.Kg2 Ke6
37.Rd3 Rd4 38.Rc3 Kd5 39.Re3 b5 40.Kg3 a4 41.bxa4 bxa4 42.Rc3 Rc4 43.Rd3+ Kc5
44.Rd8 a3  0-1

[Event "POL-chT2"]
[Site "Wisla"]
[Date "1998.??.??"]
[Round "?"]
[White "Pazdzior, Jaroslaw"]
[Black "Kasprzyk, Tomasz"]
[Result "1/2-1/2"]
[WhiteElo "2155"]
[BlackElo "2215"]

1.e4 c5 2.c3 Nf6 3.e5 Nd5 4.d4 cxd4 5.Nf3 e6 6.cxd4 d6 7.a3 Qc7 8.Bd3 Nc6
9.O-O a6 10.Qe2 Na5 11.Bc2 Bd7 12.Qd1 Rc8 13.Be4 Qxc1 14.Qxc1 Rxc1 15.Rxc1 Nb3
16.Nc3 Nxc3 17.bxc3 d5 18.Bd3 Nxc1 19.Rxc1 Bxa3 20.Rb1 Bc8 21.Nd2 b5 22.f4 Be7
23.Kf2 h6 24.g4 O-O 25.Nf3 Bb7 26.h4 Rc8 27.Rb3 Bd8 28.f5 Ba5 29.Bxb5 Rxc3
30.Rb2 axb5 31.Rxb5 Rc2+ 32.Kg3 Ba6 33.Rxa5 Bd3 34.Ra8+ Kh7 35.Rf8 Rc7 36.f6 Be4
37.Kf2 Bxf3 38.Kxf3 gxf6 39.exf6 Kg6 40.Rh8 Kxf6 41.Rxh6+ Kg7 42.g5 Rc3+
43.Ke2 Rh3 44.Kd2 Rg3 45.Ke2 Rg4 46.Ke3 Re4+ 47.Kd3 Rf4 48.Ke3 Rf5 49.Rh5 Rf1
50.Rh6  1/2-1/2

[Event "POL-chT2"]
[Site "Wisla"]
[Date "1998.??.??"]
[Round "?"]
[White "Piter, Slawomir"]
[Black "Kardys, Zbigniew"]
[Result "1-0"]
[WhiteElo "2110"]
[BlackElo "2180"]

1.e4 c5 2.c3 Nf6 3.e5 Nd5 4.g3 d6 5.exd6 Qxd6 6.Bg2 Nc6 7.Na3 Be6 8.Nf3 O-O-O
9.O-O Nc7 10.d4 Bd5 11.Bf4 Qf6 12.Qa4 Ne6 13.Be5 Nxe5 14.Nxe5 Bxg2 15.Kxg2 cxd4
16.cxd4 Nxd4 17.Rfc1+ Kb8 18.Nd7+ Rxd7 19.Qxd7 Qf3+ 20.Kg1 Ne2+ 21.Kf1 a6
22.Qc8+ Ka7 23.Qc5+ Ka8 24.Rd1 Nc3 25.Qxc3 Qh1+ 26.Ke2 Qe4+ 27.Qe3 Qxe3+
28.Kxe3 Ka7 29.Rd8 e6 30.Kd3 g6 31.Nc4 b5 32.Ne5 Bg7 33.Rxh8 Bxh8 34.Nxf7 Bxb2
35.Rh1 h5 36.Ke4 Bc3 37.Nd8 b4 38.Nxe6 a5 39.Kd5 Kb6 40.Kc4  1-0

[Event "POL-chT2"]
[Site "Wisla"]
[Date "1998.??.??"]
[Round "?"]
[White "Piter, Slawomir"]
[Black "Volzhin, Alexander"]
[Result "0-1"]
[WhiteElo "2110"]
[BlackElo "2530"]

1.e4 c5 2.c3 Nf6 3.e5 Nd5 4.g3 Nc6 5.Bg2 Qc7 6.f4 e6 7.Qe2 Be7 8.Nf3 O-O
9.O-O d6 10.d3 a6 11.Nbd2 dxe5 12.fxe5 b5 13.a4 Bb7 14.axb5 axb5 15.Rxa8 Bxa8
16.c4 bxc4 17.Nxc4 Ndb4 18.Be3 Na5 19.Nxa5 Qxa5 20.d4 Be4 21.Ne1 Bxg2 22.Kxg2 Qa8+
23.Nf3 Qe4 24.Qd2 Nc2 25.Bg1 cxd4 26.Kh3 d3 27.Ne1 Nxe1 28.Rxe1 Qf5+ 29.Kg2 Rc8
30.Rc1 Qe4+ 31.Kh3 Rxc1 32.Qxc1 g5 33.Qd1 g4+ 34.Qxg4+  0-1

[Event "POL-chT2"]
[Site "Wisla"]
[Date "1998.??.??"]
[Round "?"]
[White "Suchan, Rafal"]
[Black "Stohl, Igor"]
[Result "0-1"]
[WhiteElo "2295"]
[BlackElo "2540"]

1.e4 c5 2.c3 Nf6 3.e5 Nd5 4.d4 cxd4 5.Nf3 e6 6.cxd4 b6 7.Nc3 Nxc3 8.bxc3 Qc7
9.Bd2 d6 10.Bd3 Bb7 11.O-O Nd7 12.Ng5 dxe5 13.Qh5 g6 14.Qh3 Bg7 15.Rae1 Bd5
16.c4 Bb7 17.Bb4 Bf6 18.Nxe6 fxe6 19.Qxe6+ Kd8 20.Bd6 Qc6 21.Be4 Qxe4 22.Rxe4 Bxe4
23.dxe5 Re8 24.Qf7 Bxe5 25.Bxe5 Rxe5 26.Re1 Bd5  0-1

[Event "POL-chT2"]
[Site "Wisla"]
[Date "1998.??.??"]
[Round "?"]
[White "Jakubiec, Artur"]
[Black "Markiewicz, Jerzy"]
[Result "1/2-1/2"]
[WhiteElo "2430"]
[BlackElo "2230"]

1.e4 c5 2.c3 Nf6 3.e5 Nd5 4.g3 e6 5.Bg2 Nc6 6.Qe2 Qc7 7.f4 b6 8.Nf3 Bb7 9.d3 d6
10.O-O dxe5 11.fxe5 h6 12.a3 g5 13.b4 Bg7 14.Bb2 Nde7 15.b5 Na5 16.Nbd2 Ng6
17.d4 cxd4 18.cxd4 Qc2 19.Rab1 O-O 20.Ne1 Qc7 21.Bxb7 Qxb7 22.Ne4 Nc4 23.Ba1 Rac8
24.Rb3 Qd5 25.Rd3 Qxb5 26.Ng2 Rcd8 27.Ne1 a6 28.h4 gxh4 29.gxh4 Nxh4 30.Qg4 Nxe5
31.dxe5 Rxd3 32.Nxd3 Qxd3 33.Qxh4 Rc8 34.Qf4 Kh8 35.Nd6 Qg6+ 36.Kh1 Rc2 37.Nxf7+ Kg8
38.Qf3 Rc4 39.Qh3 Qe4+ 40.Kg1 Qg6+ 41.Kh1 Qe4+ 42.Kg1 Qg6+  1/2-1/2

[Event "Ardid mem 10th op"]
[Site "Zaragoza"]
[Date "1998.??.??"]
[Round "3"]
[White "Mellado Trivino, Juan"]
[Black "Salamero Pelay, Fernando"]
[Result "1-0"]
[WhiteElo "2465"]
[BlackElo "2185"]

1.e4 c5 2.c3 Nf6 3.e5 Nd5 4.d4 cxd4 5.Nf3 Nc6 6.Bc4 Nb6 7.Bb3 d5 8.exd6 Qxd6
9.O-O Bf5 10.Nxd4 Nxd4 11.cxd4 e6 12.Nc3 Be7 13.Qf3 O-O 14.Qxb7 Rfb8 15.Qa6 Qxd4
16.Rd1 Qh4 17.Be3 Bg5 18.Rd4 Qh6 19.Bxg5 Qxg5 20.Rad1 Bg4 21.h4 Qg6 22.R1d3 Bf5
23.Rd2 Bh3 24.g3 Qf6 25.Bd1 g6 26.Kh2 Bf5 27.Bf3 Rd8 28.Rxd8+ Rxd8 29.Rxd8+ Qxd8
30.Qxa7 Nc4 31.b3 Ne5 32.Qa8 Nxf3+ 33.Qxf3 Qd2 34.a4 Qc2 35.b4 Bd3 36.Qf6 Bf5
37.Qd8+ Kg7 38.Qd4+ f6 39.b5 e5 40.Qc5 Be6 41.b6  1-0

[Event "Ardid mem 10th op"]
[Site "Zaragoza"]
[Date "1998.??.??"]
[Round "9"]
[White "Mellado Trivino, Juan"]
[Black "Eslon, Jaan"]
[Result "1/2-1/2"]
[WhiteElo "2465"]
[BlackElo "2345"]

1.e4 c5 2.c3 Nf6 3.e5 Nd5 4.d4 cxd4 5.Nf3 e6 6.cxd4 b6 7.Nc3 Nxc3 8.bxc3 Qc7
9.Bd2 Bb7 10.Bd3 d6 11.O-O Nd7 12.Ng5 dxe5 13.Qh5 g6 14.Qh3 Be7 15.f4 e4
16.Nxe4 f5 17.Ng5 Bxg5 18.fxg5 O-O 19.Bf4 Qxc3 20.Bxf5 Qxh3 21.Bxh3 Bd5 22.Rae1 Rfe8
23.Rf2 Rac8 24.Rfe2 Rc6 25.g3 b5 26.Bg2 Nb6 27.Re5 Kf7 28.h4 Bxg2 29.Kxg2 Nd5
30.Rf1 Rc2+ 31.Kh3 Rxa2 32.Ree1 a5 33.Bd6+ Kg8 34.Rf3 Rc2 35.Ref1 Rcc8 36.h5 gxh5
37.Kh4 Rcd8 38.Bc5 Ne7 39.Kxh5 Nf5 40.g4 Nxd4 41.Rf7 e5 42.g6 hxg6+ 43.Kh6 Ne6
44.R1f6 Rd3 45.Be7 Rd7 46.g5 Rexe7 47.Rxe7 Rxe7 48.Rxe6 Kf8 49.Rxg6 e4 50.Rb6 e3
51.g6 Re8 52.Rb7 Re6 53.Kh7 Rxg6 54.Kxg6 e2 55.Rb8+ Ke7 56.Rb7+ Kd6 57.Rb6+ Kd5
58.Rxb5+ Kd4 59.Rb1 a4 60.Kf5 Ke3 61.Ra1 Kd2 62.Ke4 e1=Q+ 63.Rxe1 Kxe1 64.Kd3  1/2-1/2

[Event "Rilton Cup 9899"]
[Site "Stockholm"]
[Date "1999.01.02"]
[Round "5"]
[White "Nouro, Mikael"]
[Black "Schandorff, Lars"]
[Result "0-1"]
[WhiteElo "2335"]
[BlackElo "2535"]

1.e4 c5 2.c3 Nf6 3.e5 Nd5 4.d4 cxd4 5.Nf3 e6 6.cxd4 d6 7.Nc3 Nxc3 8.bxc3 Qc7
9.Bd2 Nd7 10.exd6 Bxd6 11.Bd3 b6 12.O-O Bb7 13.Re1 O-O 14.Qe2 Bf4 15.Ne5 Bxd2
16.Qxd2 Nxe5 17.Rxe5 Rac8 18.Rc1 Rfd8 19.Bb1 Qxe5  0-1

[Event "Bad Zwesten op"]
[Site "Bad Zwesten"]
[Date "1999.01.03"]
[Round "3"]
[White "Zumsande, Martin"]
[Black "Epishin, Vladimir"]
[Result "0-1"]
[WhiteElo "2316"]
[BlackElo "2578"]

1.e4 c5 2.c3 Nf6 3.e5 Nd5 4.d4 cxd4 5.Nf3 e6 6.cxd4 Be7 7.Bd3 d6 8.a3 dxe5
9.dxe5 Nd7 10.O-O b6 11.Nbd2 Bb7 12.Ne4 O-O 13.Nfg5 Nxe5 14.Qh5 Bxg5 15.Nxg5 h6
16.Nxe6 Qf6 17.Nxf8 Nxd3 18.Nd7 Qe6 19.Rd1 N5f4 20.Bxf4 Nxf4 21.Nc5  0-1

[Event "Rilton Cup 9899"]
[Site "Stockholm"]
[Date "1999.01.04"]
[Round "7"]
[White "Skytte, Rasmus"]
[Black "Sammalvuo, Tapani"]
[Result "1-0"]
[WhiteElo "2215"]
[BlackElo "2410"]

1.e4 c5 2.c3 Nf6 3.e5 Nd5 4.d4 cxd4 5.Nf3 Nc6 6.Bc4 Nb6 7.Bb3 d5 8.exd6 Qxd6
9.O-O Be6 10.Na3 Bxb3 11.Qxb3 e6 12.Rd1 Qd7 13.Nxd4 Na5 14.Qb5 Bxa3 15.Qxa5 Be7
16.Bf4 Nd5 17.Bg3 O-O 18.c4 Bb4 19.Qb5 Qxb5 20.Nxb5 Nb6 21.Bd6 Bxd6 22.Nxd6 Rab8
23.b3 Rfd8 24.Nxb7 Rdc8 25.Nd6 Rd8 26.Nb5 a5 27.Kf1 Rdc8 28.Rd6 Kf8 29.Rad1 Rb7
30.R6d3 Rbb8 31.Rd6 Rb7 32.Ke2 Ke7 33.R6d3 Rc5 34.f3 g5 35.Nd6 Rbc7 36.Ne4 Re5
37.Kf2 g4 38.Rd6 Nd7 39.Ra6 gxf3 40.gxf3 Rh5 41.Kg2 Nb8 42.Ra8 Nc6 43.Nd6 Ne5
44.Re8+ Kf6 45.Ne4+ Kg7 46.Rdd8 Rf5 47.Rg8+ Kh6 48.Rg3 Ng6 49.Rh3+ Kg7 50.Nd6 Rg5+
51.Kf2 Rc6 52.Ne8+ Kf8 53.Rxh7 Ke7 54.Ra8 Nf8 55.Rh8 Nd7 56.h4 Rg6 57.h5 Rg5
58.h6 Rg6 59.Ng7 e5 60.Rhe8+  1-0

[Event "Rilton Cup 9899"]
[Site "Stockholm"]
[Date "1999.01.05"]
[Round "8"]
[White "Ullen, Jan"]
[Black "Sammalvuo, Tapani"]
[Result "1/2-1/2"]
[WhiteElo "2175"]
[BlackElo "2410"]

1.e4 c5 2.c3 Nf6 3.e5 Nd5 4.d4 cxd4 5.Bc4 Qc7 6.Qe2 Nb6 7.Bd3 Nc6 8.Nf3 d6
9.exd6 Qxd6 10.h3 e6 11.O-O Be7 12.Rd1 O-O 13.Na3 a6 14.cxd4 Nd5 15.Nc4 Qc7
16.Nce5 b6 17.Bd2 Bb7 18.Rac1 Qd6 19.Ng5 Bxg5 20.Bxg5 Nce7 21.Qg4 Ng6 22.Qg3 Rac8
23.h4 Rxc1 24.Rxc1 Rc8 25.Rxc8+ Bxc8 26.h5 Nxe5 27.dxe5 Qc7 28.h6 g6 29.Kh2 Bb7
30.f4 Nb4 31.a3 Nd5 32.Be4 Qc4 33.Qf3 Kf8 34.Bh4 Qc1 35.b4 Ke8 36.Bf2 b5
37.g4 Kd7 38.Kg3 Bc6 39.Bc5 a5 40.Kh4 Qxf4 41.Bxd5 Qh2+ 42.Kg5 Qxe5+ 43.Kh4 Qh2+
44.Kg5 Qd2+ 45.Be3 f6+ 46.Kxf6 Qc3+ 47.Kg5 Bxd5 48.Qf7+ Kc6 49.Qe8+ Kb7 50.Qd7+ Qc7
51.Qxb5+ Kc8 52.Qe8+ Qd8+ 53.Qxd8+ Kxd8 54.Kf6 Ke8 55.g5 axb4 56.axb4 Bc4
57.Bc5 Bb5 58.Kg7 Kd8 59.Kf7 Kd7 60.Kf6 Bc4 61.Ke5 Bb5  1/2-1/2

[Event "Bad Zwesten op"]
[Site "Bad Zwesten"]
[Date "1999.01.06"]
[Round "9"]
[White "Felczer, Kevin"]
[Black "Solonar, Stephan"]
[Result "1/2-1/2"]
[WhiteElo "2146"]
[BlackElo "2307"]

1.e4 c5 2.c3 Nf6 3.e5 Nd5 4.d4 cxd4 5.Nf3 Nc6 6.Bc4 Nb6 7.Bb3 d5 8.exd6 Qxd6
9.O-O Be6 10.Bxe6 Qxe6 11.Nxd4 Nxd4 12.cxd4 Qd7 13.a4 g6 14.a5 Nd5 15.Nc3 Bg7
16.Qb3 Nxc3 17.bxc3 O-O 18.Rb1 Qc7 19.Qxb7 Qxc3 20.Qxe7  1/2-1/2

[Event "Australian op"]
[Site "Suncoast"]
[Date "1999.01.06"]
[Round "5"]
[White "Rogers, Ian"]
[Black "Johansen, Darryl K"]
[Result "1/2-1/2"]
[WhiteElo "2605"]
[BlackElo "2490"]

1.e4 c5 2.c3 Nf6 3.e5 Nd5 4.d4 cxd4 5.Nf3 Nc6 6.Bc4 Nb6 7.Bb3 d5 8.exd6 Qxd6
9.cxd4 Be6 10.O-O Bxb3 11.axb3 e6 12.Nc3 Be7  1/2-1/2

[Event "ISR-chT"]
[Site "Israel"]
[Date "1999.01.08"]
[Round "1"]
[White "Erenburg, Sergey"]
[Black "Har Zvi, Ronen"]
[Result "0-1"]
[WhiteElo "2310"]
[BlackElo "2505"]

1.e4 c5 2.c3 Nf6 3.e5 Nd5 4.d4 cxd4 5.Nf3 Nc6 6.Bc4 Nb6 7.Bb3 d5 8.exd6 Qxd6
9.O-O Be6 10.Na3 Bxb3 11.Qxb3 Qd5 12.Nb5 Rc8 13.Nbxd4 Nxd4 14.Nxd4 e6 15.Rd1 Bc5
16.Qb5+ Qd7 17.Qe2 Qe7 18.Nb3 O-O 19.Nxc5 Qxc5 20.Bf4 Nd5 21.Be5 Qc6 22.Rd4 f6
23.Bg3 e5 24.Rd2 Nb6 25.Rad1 Qc4 26.Qf3 Qc6 27.Qf5 Rfe8 28.Rd6 Qc4 29.Qf3 Qf7
30.a4 Rc7 31.Qe2 Nxa4 32.Rd8 Nb6 33.f4 Rd7 34.R8xd7 Nxd7 35.Qb5 exf4  0-1

[Event "Troll Masters"]
[Site "Gausdal"]
[Date "1999.01.10"]
[Round "2"]
[White "Ferkingstad, Sjur"]
[Black "Hansen, Sune Berg"]
[Result "0-1"]
[WhiteElo "2075"]
[BlackElo "2520"]

1.e4 c5 2.c3 Nf6 3.e5 Nd5 4.d4 cxd4 5.cxd4 d6 6.Nf3 Nc6 7.exd6 Qxd6 8.Nc3 g6
9.Be2 Bg7 10.O-O O-O 11.Qa4 Nb6 12.Qb3 Be6 13.Nb5 Qd7 14.Qd1 a6 15.Nc3 Nxd4
16.Nxd4 Bxd4 17.Bf3 Rfd8 18.Qc2 Qc7 19.Bd2 Rd7 20.Rac1 Rad8 21.g3 Nc4 22.Bf4 Be5
23.Bxe5 Qxe5 24.Rfe1 Qf6 25.Be2 Nd2 26.Ne4 Nxe4 27.Qxe4 Qxb2  0-1

[Event "BL2-S9899"]
[Site "Germany"]
[Date "1999.01.10"]
[Round "4.8"]
[White "Heyne, Gerhard"]
[Black "Kargoll, Boris"]
[Result "1/2-1/2"]
[WhiteElo "2185"]
[BlackElo "2260"]

1.e4 c5 2.c3 Nf6 3.e5 Nd5 4.d4 cxd4 5.cxd4 e6 6.Nf3 b6 7.a3 Ba6 8.Bxa6 Nxa6
9.O-O Be7 10.Bd2 Nac7 11.Nc3 Nxc3 12.Bxc3 Nd5 13.Bd2 O-O 14.Rc1 b5 15.Qe2 Qb6
16.Rc2 f5 17.Rfc1 a5 18.Bg5 Bxg5 19.Nxg5 b4 20.axb4 Qxb4 21.Nf3 Rab8 22.h4 h6
23.Qa6 Qb5 24.Qd6  1/2-1/2

[Event "BL2-S9899"]
[Site "Germany"]
[Date "1999.01.10"]
[Round "4.6"]
[White "Huber, Armin"]
[Black "Oberst, Thomas"]
[Result "1-0"]
[WhiteElo "2325"]
[BlackElo "2280"]

1.e4 c5 2.c3 Nf6 3.e5 Nd5 4.d4 cxd4 5.Nf3 e6 6.cxd4 b6 7.Bd3 Bb7 8.O-O Be7
9.Nc3 Nxc3 10.bxc3 d5 11.Nd2 Qc7 12.Bb2 g6 13.f4 Nc6 14.Qe2 Na5 15.Rf3 Nc4
16.Nxc4 dxc4 17.Be4 O-O-O 18.a4 Bd5 19.Ba3 Bxa3 20.Rxa3 Qc6 21.Bxd5 Rxd5
22.Rf1 Ra5 23.Rb1 Kb8 24.Rb4 Rc8 25.h3 h5 26.Ra1 Ka8 27.Qa2 a6 28.Rab1 Ka7
29.Rxb6 Qxb6 30.Rxb6 Kxb6 31.Qb2+ Kc7 32.Qb4 Rd5 33.Qxc4+ Kd8 34.Qb4 Ke8
35.Kf2 Rd7 36.Ke3 Rcc7 37.Kd3 Rb7 38.Qa5 Rb1 39.Qxa6 Rd1+ 40.Kc2 Rg1 41.Qa8+ Ke7
42.a5 Rd5 43.a6 Ra1 44.c4 Rxd4 45.Qb7+ Kf8 46.Kc3 Rdd1 47.a7 Rdc1+ 48.Kd2 Rd1+
49.Ke2 Re1+ 50.Kf2 Rf1+ 51.Ke2 Rfe1+ 52.Kd2 Red1+ 53.Kc3 Rdc1+ 54.Kd4 Rd1+
55.Kc5 Ra5+ 56.Kc6 Rda1 57.Qb4+ Ke8 58.Qb8+ Ke7 59.Qc7+ Ke8 60.Qd7+ Kf8 61.Qd8+ Kg7
62.Qxa5 Rxa5 63.Kb7  1-0

[Event "Troll Masters"]
[Site "Gausdal"]
[Date "1999.01.12"]
[Round "5"]
[White "Ferkingstad, Sjur"]
[Black "Borge, Nikolaj"]
[Result "0-1"]
[WhiteElo "2075"]
[BlackElo "2455"]

1.e4 c5 2.c3 Nf6 3.e5 Nd5 4.d4 cxd4 5.cxd4 d6 6.Nf3 Nc6 7.exd6 Qxd6 8.Nc3 g6
9.Bc4 Nb6 10.Bb3 Bg7 11.Be3 O-O 12.O-O Na5 13.Ne4 Qd8 14.Nc5 Bg4 15.h3 Nxb3
16.Nxb3 Be6 17.Nc5 Bd5 18.Ne5 Nc8 19.Re1 Nd6 20.Ncd3 Nf5 21.Nf4 e6 22.Nxd5 Qxd5
23.Qb3 Rfd8 24.Rad1 Qxb3 25.axb3 Rd5 26.Nf3 Rad8 27.Rd2 Nxd4 28.Nxd4 Bxd4
29.Bxd4 Rxd4 30.Rxd4 Rxd4 31.Rc1 Rd3  0-1

[Event "Troll Masters"]
[Site "Gausdal"]
[Date "1999.01.12"]
[Round "6"]
[White "Ferkingstad, Sjur"]
[Black "Trygstad, Kristian"]
[Result "1/2-1/2"]
[WhiteElo "2075"]
[BlackElo "2255"]

1.e4 c5 2.c3 Nf6 3.e5 Nd5 4.d4 cxd4 5.cxd4 e6 6.Nc3 Nxc3 7.bxc3 d6 8.Nf3 Nd7
9.exd6 Bxd6 10.Bd3 Qc7 11.Bd2 Nf8 12.O-O Ng6 13.Re1 O-O 14.Rb1 b6 15.g3 Bb7
16.Ng5 Be7 17.Qg4 Bxg5 18.Qxg5 e5 19.dxe5 Rad8 20.Qf5 Rxd3 21.Qxd3 Nxe5 22.Rxe5 Qxe5
23.Re1 Qf6 24.Re3 h6 25.f3 Rd8 26.Qe2 Qf5 27.Be1 Kh7 28.Kf2 a5 29.Re5 Qd3
30.Qxd3+ Rxd3 31.Re3 Rd1 32.c4 Bc8 33.Rb3 Ra1 34.Rb2 Be6 35.Rc2 a4 36.Bb4 a3
37.Ke3 Bf5 38.Rd2 Rc1 39.Kd4 Be6 40.Bxa3 Rxc4+ 41.Kd3 Ra4 42.Bd6 Bxa2 43.Rb2 Bc4+
44.Kc3 b5 45.Bb4 Kg6 46.Bc5 Ra8 47.Bb4 Re8 48.Kd4 Be2 49.Rb3 Kf5 50.Re3 Rd8+
51.Kc3 Bc4 52.Kc2 h5 53.Bc3 Kg6 54.Bb4 Ra8 55.Kc3 Ra2 56.h3 Rh2 57.h4 Kf5
58.Bd6 Re2 59.Rxe2 Bxe2 60.Kb4 Ke6 61.Bf8 g6 62.Kc5 Kd7 63.Kb6 Ke6 64.Kc5 Kf5
65.Bd6 f6 66.Bc7 Bc4 67.Bd8 Be2 68.Bc7 g5 69.hxg5 fxg5 70.Bd8 Bd3 71.Be7 Be2
72.Bd8  1/2-1/2